[Event "Stay Safe Play From Home 151"]
[Site "T#646137Emanuel Laske"]
[Date "2020.05.17"]
[Round "2"]
[White "MartinKestler"]
[Black "Parth11"]
[Result "1-0"]
[WhiteElo "1956"]
[BlackElo "1261"]
[Annotator "NA"]
[PlyCount "157"]
[EventDate "2020.05.17"]
[EventType "swiss (blitz)"]

1. Nf3 {[%emt 0:00:01]} e6 {[%emt 0:00:08]} 2. b3 {[%emt 0:00:00]} d6 {[%emt 0:00:00]} 3. Bb2 {[%emt 0:00:00]} f6 {[%emt 0:00:01]} 4. e3 {[%emt 0:00:00]} Be7 {[%emt 0:00:02]} 5. d4 {[%emt 0:00:00]} Nh6 {[%emt 0:00:01]} 6. Be2 {[%emt 0:00:00]} O-O {[%emt 0:00:02]} 7. O-O {[%emt 0:00:00]} Bd7 {[%emt 0:00:01]} 8. Nbd2 {[%emt 0:00:00]} c6 {[%emt 0:00:01]} 9. a3 {[%emt 0:00:00]} e5 {[%emt 0:00:00]} 10. c4 {[%emt 0:00:00]} exd4 {[%emt 0:00:01]} 11. exd4 {[%emt 0:00:01]} d5 {[%emt 0:00:00]} 12. h3 {[%emt 0:00:01]} dxc4 {[%emt 0:00:04]} 13. Nxc4 {[%emt 0:00:00]} Be6 {[%emt 0:00:00]} 14. Rc1 {[%emt 0:00:03]} Bd5 {[%emt 0:00:00]} 15. Re1 {[%emt 0:00:02]} Nd7 {[%emt 0:00:00]} 16. Qd3 {[%emt 0:00:01]} Nb6 {[%emt 0:00:00]} 17. b4 {[%emt 0:00:01]} Nxc4 {[%emt 0:00:01]} 18. Rxc4 {[%emt 0:00:01]} Bxc4 {[%emt 0:00:00]} 19. Qxc4+ {[%emt 0:00:00]} Kh8 {[%emt 0:00:00]} 20. Bd3 {[%emt 0:00:01]} Bd6 {[%emt 0:00:02]} 21. Qc2 {[%emt 0:00:01]} f5 {[%emt 0:00:01]} 22. Ne5 {[%emt 0:00:02]} Qf6 {[%emt 0:00:00]} 23. Nd7 {[%emt 0:00:02]} Qf7 {[%emt 0:00:03]} 24. Nxf8 {[%emt 0:00:01]} Rxf8 {[%emt 0:00:02]} 25. Qc3 {[%emt 0:00:01]} Qf6 {[%emt 0:00:04]} 26. Bf1 {[%emt 0:00:03]} Nf7 {[%emt 0:00:03]} 27. Rd1 {[%emt 0:00:02]} Qg6 {[%emt 0:00:01]} 28. d5 {[%emt 0:00:02]} Be5 {[%emt 0:00:03]} 29. Qc2 {[%emt 0:00:02]} Bxb2 {[%emt 0:00:00]} 30. Qxb2 {[%emt 0:00:00]} Ng5 {[%emt 0:00:01]} 31. Kh1 {[%emt 0:00:03]} Ne4 {[%emt 0:00:01]} 32. dxc6 {[%emt 0:00:03]} Qxc6 {[%emt 0:00:01]} 33. Bd3 {[%emt 0:00:02]} Qb6 {[%emt 0:00:03]} 34. Bxe4 {[%emt 0:00:02]} fxe4 {[%emt 0:00:01]} 35. Rd2 {[%emt 0:00:08]} Qg6 {[%emt 0:00:01]} 36. Re2 {[%emt 0:00:03]} e3 {[%emt 0:00:01]} 37. fxe3 {[%emt 0:00:01]} Qf6 {[%emt 0:00:02]} 38. Qxf6 {[%emt 0:00:02]} Rxf6 {[%emt 0:00:00]} 39. e4 {[%emt 0:00:00]} g6 {[%emt 0:00:00]} 40. e5 {[%emt 0:00:00]} Re6 {[%emt 0:00:01]} 41. Kh2 {[%emt 0:00:00]} Kg7 {[%emt 0:00:00]} 42. Kg3 {[%emt 0:00:00]} Kf7 {[%emt 0:00:00]} 43. Kf3 {[%emt 0:00:00]} h6 {[%emt 0:00:00]} 44. g3 {[%emt 0:00:00]} Ke7 {[%emt 0:00:00]} 45. Kf4 {[%emt 0:00:00]} g5+ {[%emt 0:00:02]} 46. Kg4 {[%emt 0:00:00]} Kf7 {[%emt 0:00:00]} 47. Kh5 {[%emt 0:00:00]} Re7 {[%emt 0:00:00]} 48. h4 {[%emt 0:00:00]} Kg7 {[%emt 0:00:00]} 49. hxg5 {[%emt 0:00:00]} hxg5 {[%emt 0:00:01]} 50. Kxg5 {[%emt 0:00:00]} Kf7 {[%emt 0:00:01]} 51. Kg4 {[%emt 0:00:00]} Ke6 {[%emt 0:00:00]} 52. Kf3 {[%emt 0:00:00]} Rf7+ {[%emt 0:00:00]} 53. Kg4 {[%emt 0:00:01]} b6 {[%emt 0:00:00]} 54. Kh3 {[%emt 0:00:00]} Rg7 {[%emt 0:00:00]} 55. Kg2 {[%emt 0:00:00]} Rg6 {[%emt 0:00:00]} 56. g4 {[%emt 0:00:00]} Rg5 {[%emt 0:00:00]} 57. Kf3 {[%emt 0:00:00]} Rxe5 {[%emt 0:00:01]} 58. Rxe5+ {[%emt 0:00:00]} Kxe5 {[%emt 0:00:00]} 59. Kg3 {[%emt 0:00:00]} Kf6 {[%emt 0:00:00]} 60. Kh4 {[%emt 0:00:00]} Kg6 {[%emt 0:00:00]} 61. g5 {[%emt 0:00:00]} a6 {[%emt 0:00:00]} 62. Kg4 {[%emt 0:00:00]} b5 {[%emt 0:00:01]} 63. Kf4 {[%emt 0:00:01]} Kg7 {[%emt 0:00:00]} 64. Kf5 {[%emt 0:00:01]} Kh7 {[%emt 0:00:00]} 65. g6+ {[%emt 0:00:00]} Kg8 {[%emt 0:00:00]} 66. Kg5 {[%emt 0:00:00]} Kf8 {[%emt 0:00:00]} 67. Kf6 {[%emt 0:00:00]} Kg8 {[%emt 0:00:00]} 68. Ke6 {[%emt 0:00:00]} Kh8 {[%emt 0:00:00]} 69. Kd6 {[%emt 0:00:00]} Kg7 {[%emt 0:00:01]} 70. Kc6 {[%emt 0:00:00]} Kxg6 {[%emt 0:00:00]} 71. Kb6 {[%emt 0:00:00]} Kg5 {[%emt 0:00:00]} 72. Kxa6 {[%emt 0:00:00]} Kf4 {[%emt 0:00:00]} 73. Kxb5 {[%emt 0:00:00]} Kf3 {[%emt 0:00:00]} 74. a4 {[%emt 0:00:00]} Ke3 {[%emt 0:00:00]} 75. a5 {[%emt 0:00:00]} Ke2 {[%emt 0:00:00]} 76. a6 {[%emt 0:00:00]} Kd2 {[%emt 0:00:00]} 77. a7 {[%emt 0:00:00]} Kc1 {[%emt 0:00:00]} 78. a8=Q {[%emt 0:00:00]} Kb2 {[%emt 0:00:00]} 79. Qa3+ {[%emt 0:00:00] Time (Lag: Av=0.67s, max=0.9s)} 1-0

[Event "Stay Safe Play From Home 151"]
[Site "T#646137Emanuel Laske"]
[Date "2020.05.17"]
[Round "2"]
[White "Trotsky"]
[Black "SoulofWolf"]
[Result "0-1"]
[WhiteElo "1582"]
[BlackElo "2164"]
[Annotator "TA"]
[PlyCount "60"]
[EventDate "2020.05.17"]
[EventType "swiss (blitz)"]

{[%evp 9,60,58,75,21,48,-51,21,-16,46,-18,44,-85,131,-212,-195,-457,-404,-414,-412,-537,-534,-591,-579,-552,-394,-568,-563,-680,-592,-606,-462,-1110,-1048,-1251,-1087,-1138,-1043,-1134,-1066,-1264,-1210,-1223,-1183,-1264,-1255,-1825,-1812,-2245,-2214,-2398,-2340,-3261,-3087]} 1. d4 e6 2. e3 Ne7 3. c4 c5 4. Nc3 {[#]} a6 $146 ({Predecessor:} 4... cxd4 5. exd4 d6 6. Nf3 g6 7. Bd3 Bg7 8. O-O O-O 9. Re1 Nd7 10. Bf4 d5 {1-0 (28) Lengyel,A (1686)-Liiv,K Prague 2012}) 5. Nf3 b6 6. Qc2 {A40: Unusual replies to 1 d4.} (6. Be2 $16) 6... Bb7 $11 7. Bd3 (7. dxc5 $14 bxc5 8. b3) 7... g6 (7... cxd4 $15 8. exd4 Bxf3 9. gxf3 Nbc6) 8. h4 {The position is equal.} h5 (8... Bxf3 $11 9. gxf3 cxd4 10. exd4 Nbc6) 9. Ng5 (9. d5 $14) 9... Bg7 ({Black should play} 9... cxd4 $11 10. exd4 Nbc6) 10. Bd2 (10. d5 $14 {stays ahead.}) 10... Nf5 $2 {[#]} (10... cxd4 $17 11. exd4 Nbc6) 11. g4 $2 {[%mdl 8192] Now White is beyond hope.} (11. d5 $16 {stays on course.}) 11... hxg4 $19 ({Don't do} 11... Bxh1 12. gxf5 exf5 13. O-O-O $17) 12. Rh2 $2 (12. Be4 {is a better defense.} Bxe4 13. Qxe4) 12... Rxh4 13. Rxh4 Nxh4 14. O-O-O Qxg5 15. e4 Qe7 16. d5 a5 17. Rh1 (17. Qb3 {was worth a try.}) 17... Na6 {White must now prevent ...Nb4.Black is clearly winning.} 18. Bf4 e5 19. Bg3 g5 20. f4 (20. Be2 $142) 20... exf4 21. Bf2 O-O-O 22. Rd1 Kb8 23. Kb1 Nf3 24. Rc1 Bd4 25. Bxd4 Nxd4 26. Qa4 Nb4 {[%cal Ba6b4,Bb4d3,Bd3f2][%mdl 32]} 27. a3 Nxd3 28. Rd1 Nf2 {[%mdl 64] [#] Double Attack} 29. Rc1 g3 30. Nb5 Nxb5 {Accuracy: White =  0%, Black = 37%.} 0-1

[Event "Stay Safe Play From Home 151"]
[Site "T#646137Emanuel Laske"]
[Date "2020.05.17"]
[Round "3"]
[White "SoulofWolf"]
[Black "Lazieri3"]
[Result "0-1"]
[WhiteElo "2165"]
[BlackElo "2151"]
[Annotator "TA"]
[PlyCount "88"]
[EventDate "2020.05.17"]
[EventType "swiss (blitz)"]

{[%evp 9,88,32,37,25,27,1,-8,-5,-5,-13,72,35,76,20,23,2,28,-168,-173,-224,-194,-295,-211,-221,-224,-203,-43,-266,-285,-311,-231,-247,-23,-14,0,-198,-181,-382,-103,-246,-105,-89,-94,-299,-293,-328,-216,-200,-129,-146,-42,-103,-87,-277,93,-261,316,-283,0,0,0,0,0,-194,-182,-157,-147,-428,-291,-375,-175,-429,-273,-29987,-29988,-29992,-29989,-29991,-29990,-29998,-29999]} 1. c4 c5 2. Nc3 Nc6 3. Nf3 d6 4. g3 Bd7 5. Bg2 Qc8 6. h4 {[#] A35: Symmetrical English: 2 Nc3 Nc6 3 Nf3.} Bg4 $146 ({Predecessor:} 6... Nf6 7. d4 cxd4 8. Nxd4 g6 9. Nxc6 bxc6 10. Bg5 Bg7 11. Qd2 Rb8 12. Rc1 h5 {1-0 (60) Berglind,A (1873)-Kockum,A (2382) Tylosand 2016}) 7. e3 Nf6 8. d4 {The position is equal.} cxd4 9. exd4 h6 (9... Qe6+ $11 {remains equal.} 10. Be3 Qxc4) 10. Be3 e6 11. a3 (11. Qa4 $16 {Threatens to win with d5.} Qd7 12. O-O) 11... Be7 $11 12. b4 O-O 13. b5 $2 (13. Qd2 $11) 13... Na5 $19 {[%cal Bc6a5,Ba5c4,Bc4e3][%mdl 32]} 14. O-O (14. c5 $142) 14... Nxc4 15. Rc1 (15. Qd3 $142) 15... Nxe3 16. fxe3 Qd7 17. Qd3 d5 $2 (17... a6 $19 {White must now prevent ...axb5.} 18. b6 Bd8) 18. a4 $2 (18. Ne5 $15 Qd6 19. e4 {[%mdl 64] Remove Defender}) 18... Bf5 19. Qd2 Bd6 20. Ne5 Bxe5 $2 ({Black should play} 20... Qd8 $19 21. Ne2 Rc8 22. Rxc8 Qxc8) 21. dxe5 $11 Ng4 22. h5 $2 (22. e4 $11 {and White stays safe.} Bh7 23. Qd4) 22... Rfd8 23. Bf3 $2 (23. e4 dxe4 24. Qxd7 Rxd7 25. Nxe4) 23... d4 $2 (23... Nxe5 $19 {aiming for ...Qe7.} 24. Be2 Qd6) 24. exd4 {[#]} (24. Qxd4 $17 Qxd4 25. exd4) 24... Qxd4+ (24... Nxe5 $1 $19 {[%mdl 512] has better winning chances. And now ...Nd3 would win.} 25. Ne2 (25. dxe5 Qxd2) 25... Nxf3+ 26. Rxf3 Bg4) 25. Qxd4 $17 Rxd4 26. Nb1 $2 (26. Bxb7 $17 {was necessary.} Rb8 27. Bg2) 26... Rad8 $19 27. Rc7 Ne3 (27... Rxa4 28. Nc3 $19) 28. Re1 Bxb1 ({But not} 28... Rxa4 29. Rxe3 Bxb1 30. Rxb7 $17) 29. Rxb1 Nf5 (29... Rxa4 $17 {Hoping for ...b6.} 30. Rbc1 Ng4) 30. g4 (30. Ra1 $15) 30... Nh4 $1 $17 {[%cal Rh4f3]} 31. Bxb7 $2 (31. Be2 $17 {was the only chance.}) 31... Rd2 $2 {[#]} ({Resist} 31... Rxa4 32. Bc6 $19) ({Better is} 31... Rxg4+ $19 32. Kf1 Rxa4) 32. Bh1 $2 {[%mdl 8192]} (32. Rbc1 $1 $16) 32... R8d3 $4 {[%mdl 8192] [#]} (32... R8d4 $19 {and all is fine.} 33. a5 Rxg4+ 34. Kf1 Nf5 35. Rc8+ Kh7) 33. Rcc1 $4 {[%mdl 8192]} ({Stronger than} 33. Rxa7 Rg3+ 34. Kf1 Rxg4 $11) (33. Rc8+ $1 $18 {was the only winning move.} Kh7 34. Be4+ {[%mdl 64] Double Attack} g6 35. hxg6+ fxg6 36. Rbc1) 33... Nf3+ $2 (33... Rg3+ $19 34. Kf1 Rxg4) 34. Bxf3 $1 $11 Rxf3 {[%mdl 4096] Endgame KRR-KRR} 35. Rc8+ Kh7 36. Rcc1 $2 (36. a5 $11) 36... Rg3+ $19 37. Kf1 Rxg4 38. Rc3 $2 {[%mdl 8192]} (38. a5 $17 {only move.}) 38... Rgg2 39. Rh3 g5 (39... Rdf2+ $142 40. Ke1 Rf4) 40. Ke1 $2 (40. hxg6+ Kxg6 41. Rf3) 40... g4 41. Rh1 $2 (41. Rg3 $19 Rgf2 42. Rxg4) 41... g3 {Black mates.} 42. Rc1 Rge2+ {[%mdl 64] Double Attack} 43. Kf1 Rf2+ 44. Ke1 g2 {Accuracy: White = 16%, Black = 32%.} 0-1

[Event "Stay Safe Play From Home 151"]
[Site "T#646137Emanuel Laske"]
[Date "2020.05.17"]
[Round "3"]
[White "Don59as"]
[Black "Parth11"]
[Result "1-0"]
[WhiteElo "2036"]
[BlackElo "1260"]
[Annotator "NA"]
[PlyCount "87"]
[EventDate "2020.05.17"]
[EventType "swiss (blitz)"]

1. c4 {[%emt 0:00:01]} e6 {[%emt 0:00:00]} 2. Nc3 {[%emt 0:00:01]} d6 {[%emt 0:00:00]} 3. e4 {[%emt 0:00:01]} Be7 {[%emt 0:00:00]} 4. g3 {[%emt 0:00:00]} Nf6 {[%emt 0:00:00]} 5. Bg2 {[%emt 0:00:00]} e5 {[%emt 0:00:00]} 6. Nge2 {[%emt 0:00:01]} c6 {[%emt 0:00:00]} 7. d4 {[%emt 0:00:00]} exd4 {[%emt 0:00:05]} 8. Nxd4 {[%emt 0:00:00]} c5 {[%emt 0:00:00]} 9. Nde2 {[%emt 0:00:01]} Be6 {[%emt 0:00:00]} 10. O-O {[%emt 0:00:00]} Nc6 {[%emt 0:00:01]} 11. b3 {[%emt 0:00:01]} Qc7 {[%emt 0:00:04]} 12. Bb2 {[%emt 0:00:01]} O-O-O {[%emt 0:00:00]} 13. Nb5 {[%emt 0:00:01]} Qb6 {[%emt 0:00:02]} 14. Nf4 {[%emt 0:00:01]} a6 {[%emt 0:00:00]} 15. Nc3 {[%emt 0:00:01]} Ne5 {[%emt 0:00:02]} 16. Nfd5 {[%emt 0:00:01]} Bxd5 {[%emt 0:00:01]} 17. Nxd5 {[%emt 0:00:01]} Nxd5 {[%emt 0:00:01]} 18. Qxd5 {[%emt 0:00:01]} Bf6 {[%emt 0:00:00]} 19. Rab1 {[%emt 0:00:03]} Rhf8 {[%emt 0:00:03]} 20. f4 {[%emt 0:00:01]} Qc6 {[%emt 0:00:00]} 21. fxe5 {[%emt 0:00:02]} Bxe5 {[%emt 0:00:01]} 22. Bxe5 {[%emt 0:00:02]} Qxd5 {[%emt 0:00:02]} 23. exd5 {[%emt 0:00:01]} dxe5 {[%emt 0:00:01]} 24. Bh3+ {[%emt 0:00:01]} Kc7 {[%emt 0:00:01]} 25. Rbe1 {[%emt 0:00:00]} Kd6 {[%emt 0:00:00]} 26. Rf5 {[%emt 0:00:02]} f6 {[%emt 0:00:00]} 27. Rf2 {[%emt 0:00:01]} h6 {[%emt 0:00:02]} 28. a4 {[%emt 0:00:01]} Rde8 {[%emt 0:00:01]} 29. Be6 {[%emt 0:00:01]} Re7 {[%emt 0:00:00]} 30. Rc2 {[%emt 0:00:01]} Rb8 {[%emt 0:00:01]} 31. b4 {[%emt 0:00:01]} b6 {[%emt 0:00:01]} 32. a5 {[%emt 0:00:01]} bxa5 {[%emt 0:00:02]} 33. bxc5+ {[%emt 0:00:03]} Kxc5 {[%emt 0:00:00]} 34. Ra1 {[%emt 0:00:01]} Rb4 {[%emt 0:00:02]} 35. Rxa5+ {[%emt 0:00:01]} Kd4 {[%emt 0:00:02]} 36. c5 {[%emt 0:00:03]} Rb1+ {[%emt 0:00:05]} 37. Kf2 {[%emt 0:00:01]} Rd7 {[%emt 0:00:00]} 38. Bxd7 {[%emt 0:00:02]} Rb5 {[%emt 0:00:01]} 39. Rxb5 {[%emt 0:00:01]} axb5 {[%emt 0:00:00]} 40. c6 {[%emt 0:00:00]} Kxd5 {[%emt 0:00:00]} 41. c7 {[%emt 0:00:01]} b4 {[%emt 0:00:00]} 42. c8=Q {[%emt 0:00:01]} b3 {[%emt 0:00:00]} 43. Qc4+ {[%emt 0:00:00]} Kd6 {[%emt 0:00:01]} 44. Qe6# {[%emt 0:00:01] (Lag: Av=0.63s, max=1.0s)} 1-0

[Event "Stay Safe Play From Home 151"]
[Site "T#646137Emanuel Laske"]
[Date "2020.05.17"]
[Round "3"]
[White "Castlingarrocco"]
[Black "Indianquant"]
[Result "0-1"]
[WhiteElo "1994"]
[BlackElo "2254"]
[Annotator "RC"]
[PlyCount "150"]
[EventDate "2020.05.17"]
[EventType "swiss (blitz)"]

1. d4 {[%emt 0:00:01]} Nf6 {[%emt 0:00:01]} 2. e3 {[%emt 0:00:00]} e6 {[%emt 0:00:00]} 3. f4 {[%emt 0:00:00]} b6 {[%emt 0:00:00]} 4. Nf3 {[%emt 0:00:00]} Bb7 {[%emt 0:00:00]} 5. Bd3 {[%emt 0:00:02]} c5 {[%emt 0:00:00]} 6. Qe2 {[%emt 0:00:00]} Be7 {[%emt 0:00:00]} 7. c3 {[%emt 0:00:01]} Nc6 {[%emt 0:00:01]} 8. Nbd2 {[%emt 0:00:01]} cxd4 {[%emt 0:00:01]} 9. exd4 {[%emt 0:00:01]} O-O {[%emt 0:00:01]} 10. Ne5 {[%emt 0:00:01]} Re8 {[%emt 0:00:01]} 11. O-O {[%emt 0:00:01]} d6 {[%emt 0:00:00]} 12. Nef3 {[%emt 0:00:01]} Bf8 {[%emt 0:00:01]} 13. Ne4 {[%emt 0:00:01]} g6 {[%emt 0:00:01]} 14. Neg5 {[%emt 0:00:01]} h6 {[%emt 0:00:02]} 15. Ne4 {[%emt 0:00:01]} Bg7 {[%emt 0:00:01]} 16. Nxf6+ {[%emt 0:00:01]} Bxf6 {[%emt 0:00:00]} 17. Bd2 {[%emt 0:00:00]} Bg7 {[%emt 0:00:01]} 18. Rae1 {[%emt 0:00:00]} f5 {[%emt 0:00:01]} 19. Qf2 {[%emt 0:00:01]} Kh7 {[%emt 0:00:01]} 20. h3 {[%emt 0:00:01]} a6 {[%emt 0:00:01]} 21. g4 {[%emt 0:00:01]} b5 {[%emt 0:00:00]} 22. gxf5 {[%emt 0:00:01]} exf5 {[%emt 0:00:00]} 23. Kh2 {[%emt 0:00:01]} Ne7 {[%emt 0:00:02]} 24. Qh4 {[%emt 0:00:02]} Nd5 {[%emt 0:00:01]} 25. Ng5+ {[%emt 0:00:02]} Kg8 {[%emt 0:00:00]} 26. Nf3 {[%emt 0:00:03]} Qxh4 {[%emt 0:00:00]} 27. Nxh4 {[%emt 0:00:00]} Kf7 {[%emt 0:00:04]} 28. Kg3 {[%emt 0:00:02]} Bf6 {[%emt 0:00:01]} 29. Nf3 {[%emt 0:00:01]} Nb6 {[%emt 0:00:01]} 30. h4 {[%emt 0:00:01]} Nc4 {[%emt 0:00:02]} 31. Bxc4+ {[%emt 0:00:01]} bxc4 {[%emt 0:00:00]} 32. Bc1 {[%emt 0:00:01]} Be4 {[%emt 0:00:01]} 33. Kf2 {[%emt 0:00:02]} Ra7 {[%emt 0:00:01]} 34. Kg3 {[%emt 0:00:01]} Rae7 {[%emt 0:00:01]} 35. Bd2 {[%emt 0:00:01]} Bd3 {[%emt 0:00:01]} 36. Rxe7+ {[%emt 0:00:02]} Rxe7 {[%emt 0:00:00]} 37. Rf2 {[%emt 0:00:01]} Be4 {[%emt 0:00:01]} 38. Nh2 {[%emt 0:00:03]} a5 {[%emt 0:00:02]} 39. Nf3 {[%emt 0:00:00]} a4 {[%emt 0:00:01]} 40. a3 {[%emt 0:00:00]} Rb7 {[%emt 0:00:01]} 41. Bc1 {[%emt 0:00:01]} Bd3 {[%emt 0:00:00]} 42. Ne1 {[%emt 0:00:01]} Be4 {[%emt 0:00:01]} 43. Nf3 {[%emt 0:00:01]} Re7 {[%emt 0:00:00]} 44. Re2 {[%emt 0:00:01]} Bxf3 {[%emt 0:00:01]} 45. Kxf3 {[%emt 0:00:00]} Rxe2 {[%emt 0:00:01]} 46. Kxe2 {[%emt 0:00:00]} Bxh4 {[%emt 0:00:00]} 47. Kf3 {[%emt 0:00:00]} Ke6 {[%emt 0:00:01]} 48. Be3 {[%emt 0:00:01]} Kd5 {[%emt 0:00:01]} 49. Bg1 {[%emt 0:00:01]} g5 {[%emt 0:00:02]} 50. fxg5 {[%emt 0:00:01]} hxg5 {[%emt 0:00:00]} 51. Bh2 {[%emt 0:00:00]} g4+ {[%emt 0:00:03]} 52. Kf4 {[%emt 0:00:01]} g3 {[%emt 0:00:01]} 53. Bg1 {[%emt 0:00:00]} g2 {[%emt 0:00:01]} 54. Kxf5 {[%emt 0:00:01]} Be1 {[%emt 0:00:00]} 55. Kg4 {[%emt 0:00:01]} Bd2 {[%emt 0:00:01]} 56. Kf3 {[%emt 0:00:01]} Bc1 {[%emt 0:00:00]} 57. Kxg2 {[%emt 0:00:00]} Bxb2 {[%emt 0:00:01]} 58. Be3 {[%emt 0:00:00]} Bxa3 {[%emt 0:00:01]} 59. Kf3 {[%emt 0:00:00]} Bb2 {[%emt 0:00:00]} 60. Ke2 {[%emt 0:00:00]} a3 {[%emt 0:00:01]} 61. Kf3 {[%emt 0:00:02]} a2 {[%emt 0:00:01]} 62. Kf4 {[%emt 0:00:00]} a1=Q {[%emt 0:00:00]} 63. Kf5 {[%emt 0:00:00]} Bxc3 {[%emt 0:00:00]} 64. Bf4 {[%emt 0:00:00]} Bxd4 {[%emt 0:00:00]} 65. Bg5 {[%emt 0:00:00]} Be5 {[%emt 0:00:00]} 66. Kg6 {[%emt 0:00:00]} Qb1+ {[%emt 0:00:00]} 67. Kh5 {[%emt 0:00:01]} Qf5 {[%emt 0:00:01]} 68. Kh4 {[%emt 0:00:01]} Bf6 {[%emt 0:00:01]} 69. Bxf6 {[%emt 0:00:01]} Qxf6+ {[%emt 0:00:00]} 70. Kg4 {[%emt 0:00:00]} Qe5 {[%emt 0:00:00]} 71. Kh3 {[%emt 0:00:01]} c3 {[%emt 0:00:00]} 72. Kg2 {[%emt 0:00:00]} c2 {[%emt 0:00:00]} 73. Kg1 {[%emt 0:00:00]} c1=Q+ {[%emt 0:00:00]} 74. Kg2 {[%emt 0:00:00]} Qcc3 {[%emt 0:00:00]} 75. Kf1 {[%emt 0:00:01]} Qcd4 {[%emt 0:00:00] Tempo (Lag: Av=0.52s, max=1.2s)} 0-1

[Event "Stay Safe Play From Home 151"]
[Site "T#646137Emanuel Laske"]
[Date "2020.05.17"]
[Round "3"]
[White "MartinKestler"]
[Black "Trotsky"]
[Result "0-1"]
[WhiteElo "1956"]
[BlackElo "1581"]
[Annotator "TA"]
[PlyCount "38"]
[EventDate "2020.05.17"]
[EventType "swiss (blitz)"]

{[%evp 9,37,8,70,33,34,27,56,60,124,32,87,73,135,99,102,99,134,10,17,9,13,-134,-152,-315,-303,-644,-655,-29998,-29999,-29999]} 1. Nf3 d5 2. b3 e6 3. Bb2 c5 4. e3 Nc6 5. d4 f6 {[#]} (5... Nf6 $11) 6. dxc5 $146 {A06: Réti Opening: 1 Nf3 d5.} ({Predecessor:} 6. Bd3 cxd4 7. exd4 Bb4+ 8. Nbd2 Nge7 9. O-O O-O 10. Re1 Qc7 11. a3 Bd6 12. c4 {0-1 (50) Bartel,M (2593)-Socko,B (2627) Chorzow 2019}) 6... Bxc5 7. Be2 Qc7 8. O-O {White is slightly better.} Bd6 (8... Nge7 $14) 9. Nbd2 (9. c4 $16) 9... h5 (9... Qf7 $14) 10. c4 $16 Nh6 (10... Qf7 $142) 11. cxd5 exd5 12. Rc1 Ng4 {[%cal Rd6h2]} 13. e4 (13. h3 $16) 13... Bxh2+ $11 14. Kh1 Be6 15. exd5 (15. Nd4 $11 {remains equal.} Bf7 16. Bb5) 15... Bxd5 $17 16. Nc4 $2 {[#] This costs White the game.} (16. Bc4 $17 {might work better.} O-O-O 17. Bxd5 Rxd5 18. Qe2) 16... O-O-O $1 $19 17. Nd4 $2 {[#]} (17. Qc2) 17... Bg1 $1 {[%csl Gg1,Gg4][%cal Rc7h2][%mdl 512]} 18. Bxg4+ (18. Rxg1 Nxf2#) 18... hxg4+ 19. Kxg1 Qh2# {Accuracy: White = 19%, Black = 41%.} 0-1

[Event "Stay Safe Play From Home 151"]
[Site "T#646137Emanuel Laske"]
[Date "2020.05.17"]
[Round "3"]
[White "Chase the sun"]
[Black "XShot"]
[Result "0-1"]
[WhiteElo "1904"]
[BlackElo "2432"]
[Annotator "TA"]
[PlyCount "48"]
[EventDate "2020.05.17"]
[EventType "swiss (blitz)"]

{[%evp 12,47,29,23,31,-2,-3,-2,-2,-1,11,10,13,9,12,0,10,6,12,15,14,-106,-8,-24,-20,-106,-100,-96,-96,-162,0,0,29995,0,635,-178,-218,-29999]} 1. e4 c6 2. d4 d5 3. exd5 cxd5 4. Bd3 Nf6 5. c3 Nc6 6. Bf4 g6 7. Nd2 Bf5 {B13: Caro-Kann: Exchange Variation and Panov-Botvinnik Attack.} 8. Qe2 Bxd3 9. Qxd3 {[#]} e6 $146 {The position is equal.} ({Predecessor:} 9... Bg7 10. Ngf3 O-O 11. O-O Nh5 12. Bg5 h6 13. Bh4 Qd6 14. Bg3 Nxg3 15. hxg3 {½-½ (15) O'Gorman,T (2145)-Neuman,P (2438) Dublin 2018}) 10. Ngf3 Bd6 11. Bxd6 Qxd6 12. O-O O-O 13. Rae1 Qc7 14. Ne5 Nxe5 15. dxe5 Nd7 16. f4 (16. Nf3 $11) 16... Nc5 ({Black should try} 16... Qb6+ $17 17. Qd4 Qxb2) 17. Qh3 Qb6 18. Kh1 (18. Rf2 $11 {remains equal.}) 18... Qxb2 $17 {[%mdl 64] Double Attack} 19. Nf3 {And now Qh6 would win.} Kg7 $1 $36 {[%mdl 2048] Keeping White busy.} ({Wrong is} 19... Qxc3 $2 20. Qh6 $18) 20. g4 {[#]} (20. Qh4 $17 {was worth a try.}) 20... h5 $2 ({Much weaker is} 20... Qxc3 $6 21. f5 $15) (20... Ne4 $1 $19 {[%cal Re4f2] White must now prevent ...Nf2+.} 21. Qh4 Qxc3) 21. f5 $1 $11 {[%cal Rf5g6]} hxg4 $2 {[%mdl 8192]} (21... exf5 $11 22. gxf5 Ne4) 22. Qxg4 $2 (22. f6+ {mates} Kg8 23. Qh6 Qg2+ 24. Kxg2 gxf3+ 25. Rxf3 Rfe8 26. Qg7#) 22... Rh8 $2 {[%mdl 8192]} ({And not} 22... Qxc3 23. f6+ Kg8 24. Qh4 Ne4 25. Ng5 Nf2+ 26. Rxf2 Qxe1+ 27. Kg2 Qxf2+ 28. Kxf2 Rfe8 29. Qh7+ {[%mdl 64] Double Attack} Kf8 30. Qxf7#) (22... exf5 $11 23. Qh4 Ne6 24. Qf6+ Kg8) 23. f6+ $4 {[%mdl 8192]} (23. fxg6 $18 {is the narrow road to win.} fxg6 {[#]} 24. Qg5 $1 {[%mdl 512]}) 23... Kg8 $19 {...Nd3 is the strong threat.} 24. Nd4 $2 (24. Qb4 $19 Qxb4 25. cxb4) 24... Qxh2# {Accuracy: White = 39%, Black = 69%.} 0-1

[Event "Stay Safe Play From Home 151"]
[Site "T#646137Emanuel Laske"]
[Date "2020.05.17"]
[Round "3"]
[White "Lucknow"]
[Black "Sfantul321"]
[Result "0-1"]
[WhiteElo "1779"]
[BlackElo "1960"]
[Annotator "NA"]
[PlyCount "34"]
[EventDate "2020.05.17"]
[EventType "swiss (blitz)"]

1. d4 {[%emt 0:00:02]} d5 {[%emt 0:00:01]} 2. c4 {[%emt 0:00:01]} Bf5 {[%emt 0:00:00]} 3. e3 {[%emt 0:00:00]} e6 {[%emt 0:00:01]} 4. Nf3 {[%emt 0:00:00]} Nf6 {[%emt 0:00:01]} 5. Nc3 {[%emt 0:00:00]} c6 {[%emt 0:00:01]} 6. Bd3 {[%emt 0:00:00]} Bxd3 {[%emt 0:00:01]} 7. Qxd3 {[%emt 0:00:00]} Bb4 {[%emt 0:00:00]} 8. O-O {[%emt 0:00:02]} O-O {[%emt 0:00:01]} 9. a3 {[%emt 0:00:02]} Bxc3 {[%emt 0:00:01]} 10. Qxc3 {[%emt 0:00:00]} Nbd7 {[%emt 0:00:01]} 11. Qc2 {[%emt 0:00:01]} Ne4 {[%emt 0:00:01]} 12. b3 {[%emt 0:00:01]} f5 {[%emt 0:00:01]} 13. Bb2 {[%emt 0:00:02]} Rf6 {[%emt 0:00:02]} 14. Nd2 {[%emt 0:00:00]} Rh6 {[%emt 0:00:02]} 15. f4 {[%emt 0:00:02]} Qh4 {[%emt 0:00:03]} 16. Nf3 {[%emt 0:00:01]} Qh5 {[%emt 0:00:01]} 17. Qe2 {[%emt 0:00:02]} Ndf6 {[%emt 0:00:02] Lucknow gibt auf (Lag: Av=0.27s, max=0.3s)} 0-1